00354 a2200145 4500003000400000005001700004008004100021020001800062040000900080082001900089100001800108245003400126260003900160300000900199OSt20231218132947.0231218b |||||||| |||| 00| 0 eng d a9789350003299 coclc a891.431bALV/P aAlvi, Tanveer aPRIYA SANDESH /cTanveer Alvi aNew Delhi:bVani Prakashan,c1984. a118p